000 00581cam a2200157 4500500
005 20260201123818.0
041 _afre
042 _adc
100 1 0 _ade Dinechin, Olivier
_eauthor
245 0 0 _aLes poussées d'un droit à la santé
260 _c2008.
500 _a65
520 _aResumé La demande des individus – malades potentiels – et de la société définit-elle un droit et quel droit ?
786 0 _nRevue Projet | 304 | 3 | 2008-05-01 | p. 37-45 | 0033-0884
856 4 1 _uhttps://shs.cairn.info/revue-projet-2008-3-page-37?lang=fr&redirect-ssocas=7080
999 _c1642085
_d1642085